No Winter Olympic Medals Quiz Stats

 Plays Quiz Updated Jul 2, 2018

Challenge
Share
Tweet
Embed
Score 0/67 Timer 06:00
8 Plays Today
% Correct
Jamaica
76%
Brazil
74.7%
Mexico
73.5%
Argentina
71.3%
South Africa
69.1%
Chile
67.2%
Egypt
66.3%
India
64.8%
Iran
63.9%
Colombia
60.6%
Paraguay
56.8%
Nigeria
54.9%
Greece
52.7%
Ecuador
51.4%
Venezuela
50.5%
Israel
50.4%
Turkey
50%
Morocco
49.9%
Uruguay
47.8%
Kenya
46.5%
Portugal
45.2%
Algeria
44.7%
Bolivia
43.6%
Ireland
42.7%
Mongolia
41.9%
Georgia
41%
Andorra
40.7%
Thailand
40%
Honduras
38.2%
Malaysia
37.4%
Ethiopia
37.3%
Costa Rica
37.2%
Nepal
36.4%
Iceland
36.1%
% Correct
Monaco
35.5%
Kosovo
35.5%
Guatemala
34.7%
San Marino
32.3%
Albania
32.2%
Lithuania
31.6%
Armenia
31.1%
Dominica
30.6%
Azerbaijan
30.4%
Singapore
30.4%
Taiwan
29.9%
Lebanon
29.6%
Zimbabwe
29.5%
Philippines
28.8%
Cyprus
28.6%
Tajikistan
28.2%
Macedonia
26.7%
Moldova
25.6%
Fiji
25.2%
Kyrgyzstan
24.9%
Togo
23.8%
Tonga
23.5%
Madagascar
23.3%
Bosnia and Herzegovina
21%
Peru
20.9%
Eritrea
20.7%
Trinidad and Tobago
20.5%
Senegal
19%
Cameroon
18.8%
Pakistan
18.8%
Ghana
11.2%
eSwatini
11%
Timor-Leste
9.4%

You're not logged in!

Compare scores with friends on all Sporcle quizzes.
Join for Free
OR
Log In

You Might Also Like...

Show Comments

Extras

Top Quizzes Today


Score Distribution

Your Account Isn't Verified!

In order to create a playlist on Sporcle, you need to verify the email address you used during registration. Go to your Sporcle Settings to finish the process.

Report this User

Report this user for behavior that violates our Community Guidelines.

Details: